01404nac a22003251i 4500003000900000005001700009008004100026020001500067020001800082040004300100082001900143100004400162245011200206264005600318264001000374300004500384336002600429337002800455338002700483490004700510504005100557650003000608655001700638856009800655856009000753856007800843942001200921999001500933952013000948EG-ScBUE20241111101258.0241111t2004 njua f b 001 0 eng d a0471650722 a9780471650720 aEG-ScBUEbengerdacEG-ScBUEdEG-ScBUE04a519.5bHUB2221 aHuber, Peter J., eauthor.10aRobust statistics /cPeter J. Huber, professor of statistics, Harvard University, Cambridge, Massachusetts. 1aHoboken, N.J. :bA John Wiley & Sons, Inc.,c[2004] 4ac2004 aix, 308 pages :billustrations ;c23 cm. 2rdacontentatextbtxt aunmediated2rdamediabn avolumebnc2rdacarrier0 aWiley series in probability and statistics aIncludes bibliographical references and index. 7aRobust statistics.2BUEsh vReading book423Contributor biographical informationuhttp://www.loc.gov/catdir/bios/wiley046/2004266770.html423Publisher descriptionuhttp://www.loc.gov/catdir/description/wiley041/2004266770.html423Table of contentsuhttp://www.loc.gov/catdir/toc/wiley041/2004266770.html cBB2ddc c1315d1315 00102ddc40708AlahramaMAINbMAINc1STd2006-09-03ePurchasel0o519.5 HUBp000003154r2025-07-15 00:00:00w2006-09-03yBB